000
00332nam a2200145Ia 4500
100
_a
Allen/ Christopher/ Chow/Vivian
942
_c
RB
654
_a
computer
245
_a
Oracle Certified Professional
260
_b
Tata Mc Graw hill
_c
2000
082
_a
005.133'O'
_b
ALL/
300
_a
1168
546
_a
ENGLISH
999
_c
20378
_d
20378